Ústav spoločenských vied v areáli SAV V Bratislave

Na minha lista:
Detalhes bibliográficos
Autor principal: Šlapák, Marián, 1988- (Author)
Outros Autores: Kusý, Martin, 1948- (Thesis advisor)
Formato: Manuscrito Livro
Idioma:eslovaco
Publicado em: Bratislava 2015
Assuntos:
Acesso em linha:http://is.stuba.sk/zp/portal_zp.pl?podrobnosti=109135
Tags: Adicionar Tag
Sem tags, seja o primeiro a adicionar uma tag!

MARC

LEADER 00000ntm a22000003a 4500
001 stuzp52649
003 SK-STU
005 20210309091510.5
007 ta
008 150427s2015----xo-----f-mn---000-0-slo-d
040 |a STU  |b slo 
041 0 |a slo 
100 1 |a Šlapák, Marián,  |d 1988-  |u 050900  |4 aut  |U FAD Fakulta architektúry a dizajnu  |U FAD Fakulta architektúry  |T FA Dekanát  |X 68320  |U A0900  |Y 158  |7 A000068320 
242 0 1 |a SAV  |y eng 
245 1 0 |a Ústav spoločenských vied v areáli SAV V Bratislave 
260 |c 2015  |a Bratislava 
650 4 |a dom  |2 slo 
650 4 |a les  |2 slo 
650 4 |a sav  |2 slo 
650 4 |a SAV  |2 eng 
650 4 |a forest  |2 eng 
650 4 |a building  |2 eng 
700 1 |a Kusý, Martin,  |d 1948-  |4 ths  |X 3763  |7 A000003763 
856 4 |u http://is.stuba.sk/zp/portal_zp.pl?podrobnosti=109135  |u https://opac.crzp.sk/?fn=detailBiblioForm&sid=E75B5E22D326BA6A99A796CFFF20 
SQL |a stuzp52649  |b DDP  |c SLO  |d Ústav spoločenských vied v areáli SAV V Bratislave  |e 68320  |f Šlapák, Marián  |g 050900  |h 3763  |i Kusý, Martin  |j 20150604  |k 153  |l 05  |m http://is.stuba.sk/zp/portal_zp.pl?podrobnosti=109135  |n I-ARCH  |o 5.1.1. architektúra a urbanizmus